00819 2200277 4500001002100000005001700021008004100038020002200079035002400101082001400125090002100139100001900160245014900179250001000328260004000338300003100378650002200409700001900431700001200450850001500462980001300477985000600490999001500496999001500511999001500526YOGYA-0209000004018320090227025628.0 ind  a978-979-24-1129-4 0010-020900000040183 a155.904 2 a155.904 2bSmi H aSMITH, William aHow to achieve your inner peaceb75 langkah menangani rasa gelisah, tegang & frustasicWilliam Smith; penerjemah, Sandra Irawan; editor, Sunarni aCet.1 aJakartabPrestasi Pustakarayac2007 aviii, 179 hlmbilusc21 cm aStres (Psikologi) aIrawan, Sandra aSunarni aYOPDYOG(B) a19-11-07 a3 a07B0031630 a07B0031631 a07B0031632